Devinez la chanson Disney sans indices - Statistiques

Statistiques générales
  • Ce quiz a été pris 94 fois
    84 depuis la dernière actualisation
  • Le résultat moyen est 108 sur 190
Statistiques - réponses
Paroles % Correct
j'
97%
s'
93%
c'
92%
m'
92%
à
90%
il
89%
la
87%
d'
85%
est
84%
je
84%
le
82%
ma
79%
me
79%
se
77%
de
75%
et
75%
Et
75%
ou
74%
74%
en
72%
un
72%
ai
70%
qu'
69%
ne
67%
rêve
67%
suis
67%
mon
66%
vie
64%
les
61%
que
61%
moi
59%
qui
59%
faut
57%
deux
56%
fait
56%
livre
56%
demande
54%
jour
54%
lis
54%
trois
54%
vraie
54%
couleur
51%
heures
51%
même
51%
réveille
51%
Sept
51%
sept
51%
ajoute
49%
jusqu'
49%
chaque
48%
dans
48%
maison
48%
nettoie
48%
quart
48%
quelques
48%
brille
46%
dehors
46%
placard
46%
anniversaire
44%
poussière
44%
puis
44%
couleurs
43%
mes
43%
cette
41%
clair
41%
comme
41%
ensuite
41%
plus
41%
y
41%
cache
39%
chasse
39%
chevelure
39%
fois
39%
mat
39%
plaisent
39%
brosse
38%
frotte
38%
manque
38%
Pascal
38%
sûre
34%
tricot
34%
aventures
33%
échec
33%
été
33%
grandi
33%
soir
33%
ballaie
31%
gâteaux
31%
lumières
31%
quoi
31%
range
31%
aller
30%
arts
30%
gymnastique
30%
après
28%
bougies
28%
cire
28%
danse
28%
guitare
28%
plastique
28%
prison
28%
relis
28%
vite
28%
cookies
26%
demain
26%
élèvent
26%
livres
26%
midi
26%
épate
25%
grande
25%
maché
25%
papier
25%
pouvoir
25%
marionnettes
23%
ressemble
23%
soirée
23%
théâtre
23%
classique
21%
dois
21%
poterie
21%
flechettes
20%
puzzle
16%
corde
15%
Aucun quiz correspondant
Distribution des résultats
% des personnes avec chaque résultat
Percentile par nombre de réponses
Votre historique - résultats
Vous n’avez pas pris ce quiz depuis la dernière actualisation